Công dư tiệp kí; T2
Guardado en:
| Autor principal: | |
|---|---|
| Formato: | Libro |
| Lenguaje: | Undetermined |
| Publicado: |
Sài Gòn
Bộ quốc gia Giáo dục
1961
|
| Materias: | |
| Etiquetas: |
Agregar Etiqueta
Sin Etiquetas, Sea el primero en etiquetar este registro!
|
| Thư viện lưu trữ: | Trung tâm Học liệu Trường Đại học Cần Thơ |
|---|
| LEADER | 00573nam a2200169Ia 4500 | ||
|---|---|---|---|
| 001 | CTU_6282 | ||
| 008 | 210402s9999 xx 000 0 und d | ||
| 082 | |a 398.22 | ||
| 082 | |b Đ250/T2 | ||
| 100 | |a Vũ Phương Đề | ||
| 245 | 0 | |a Công dư tiệp kí; T2 | |
| 245 | 0 | |c Vũ Phương Đề; Dịch giả: Nguyễn Đình Diệm | |
| 260 | |a Sài Gòn | ||
| 260 | |b Bộ quốc gia Giáo dục | ||
| 260 | |c 1961 | ||
| 650 | |a folk literature, vietnamese,historical fiction, vietnamese | ||
| 980 | |a Trung tâm Học liệu Trường Đại học Cần Thơ | ||